[Event "24. European Club Cup 2008"]
[Site "Kallithea GRE"]
[Date "2008.10.20"]
[Round "4.19"]
[White "Milov, Vadim"]
[Black "Petersen, Steen"]
[Result "1-0"]
[WhiteElo "2681"]
[BlackElo "2164"]
[PlyCount "81"]
[EventDate "2008.10.17"]
[EventType "team-swiss"]
[EventRounds "7"]
[EventCountry "GRE"]
[Source "lmi"]
[SourceDate "2008.10.17"]
[WhiteTeam "Alkaloid"]
[BlackTeam "Bronshoj"]

1. c4 Nf6 2. Nc3 e6 3. d4 Bb4 4. e3 c5 5. Bd3 Nc6 6. Nge2 cxd4 7. exd4 d5 8.
cxd5 Nxd5 9. a3 Bd6 10. Ne4 Be7 11. Bc2 O-O 12. Qd3 Qc7 13. O-O Rd8 14. Ng5 g6
15. Bb3 Bf8 16. Ne4 Be7 17. Rd1 Bd7 18. Qf3 Be8 19. Bh6 f5 20. Ng5 Bf7 21. Nc3
Bf6 22. Rac1 Qd7 23. Nxd5 exd5 24. Nxf7 Qxf7 25. Rc5 Ne7 26. Rc7 Qe6 27. Rxb7
Qc6 28. Rb4 a5 29. Ba4 Qe6 30. Rb7 Rab8 31. Rxb8 Rxb8 32. Qc3 Qb6 33. b3 Rc8
34. Qe3 Qd6 35. h4 Kf7 36. Bf4 Qe6 37. Qd2 Qb6 38. Be5 Ng8 39. h5 g5 40. Bd7
Rd8 41. Bxf5 1-0

[Event "24. European Club Cup 2008"]
[Site "Kallithea GRE"]
[Date "2008.10.20"]
[Round "4.19"]
[White "Yssing, Klaus"]
[Black "Inarkiev, Ernesto"]
[Result "0-1"]
[WhiteElo "2125"]
[BlackElo "2669"]
[PlyCount "134"]
[EventDate "2008.10.17"]
[EventType "team-swiss"]
[EventRounds "7"]
[EventCountry "GRE"]
[Source "lmi"]
[SourceDate "2008.10.17"]
[WhiteTeam "Bronshoj"]
[BlackTeam "Alkaloid"]

1. e4 c5 2. c3 d6 3. d4 Nf6 4. dxc5 Nc6 5. cxd6 Nxe4 6. Nf3 Nxd6 7. Be2 e5 8.
O-O Be7 9. Na3 Be6 10. Nb5 h6 11. Nxd6+ Bxd6 12. Nd2 O-O 13. Bc4 Bf5 14. Qf3
Qc8 15. Ne4 Be7 16. b3 Kh8 17. h3 Bh7 18. Rd1 Qc7 19. Bd5 f5 20. Ng3 e4 21. Bf4
Qa5 22. Qe2 Qxc3 23. Rac1 Qf6 24. Bxc6 bxc6 25. Qa6 c5 26. Qxf6 Rxf6 27. Rd7
Bf8 28. Be5 Re6 29. Bb2 Re7 30. Rcd1 Rae8 31. Nh5 Bg6 32. Nf4 Bf7 33. Ba3 g5
34. Ne2 Be6 35. Rd8 Kg7 36. Bxc5 Rxd8 37. Rxd8 Rf7 38. Bxf8+ Rxf8 39. Rxf8 Kxf8
40. Nd4 Bd7 41. f3 e3 42. f4 gxf4 43. Ne2 Ke7 44. Nxf4 Kd6 45. Kf1 Ke5 46. Ng6+
Ke4 47. Ke1 f4 48. a3 Bc6 49. b4 Bb7 50. Nh4 Bc6 51. Ng6 Bd7 52. Nh4 Be8 53.
Ke2 a6 54. Ke1 Kd3 55. Nf5 Bc6 56. Nh4 Be4 57. a4 Kc4 58. b5 axb5 59. axb5 Kxb5
60. Ke2 Kc4 61. g3 Bd3+ 62. Kf3 e2 63. Ng2 fxg3 64. Kxg3 Be4 65. Ne1 Kc3 66.
Kf2 Kd2 67. h4 h5 0-1

[Event "24. European Club Cup 2008"]
[Site "Kallithea GRE"]
[Date "2008.10.20"]
[Round "4.19"]
[White "Christensen, Esben"]
[Black "Nedev, Trajko"]
[Result "0-1"]
[WhiteElo "2038"]
[BlackElo "2525"]
[PlyCount "76"]
[EventDate "2008.10.17"]
[EventType "team-swiss"]
[EventRounds "7"]
[EventCountry "GRE"]
[Source "lmi"]
[SourceDate "2008.10.17"]
[WhiteTeam "Bronshoj"]
[BlackTeam "Alkaloid"]

1. e4 c5 2. Nf3 Nc6 3. d4 cxd4 4. Nxd4 Nf6 5. Nc3 e5 6. Ndb5 d6 7. a4 a6 8. Na3
Bg4 9. Be2 Bxe2 10. Qxe2 d5 11. Bg5 d4 12. Bxf6 gxf6 13. Nd5 Nb4 14. Nxb4 Bxb4+
15. c3 dxc3 16. O-O Qe7 17. Nc4 cxb2 18. Qxb2 Bc5 19. Rab1 Rb8 20. a5 O-O 21.
Nb6 Bxb6 22. Qxb6 Rfd8 23. Qe3 Rd4 24. Rb3 Rbd8 25. Qf3 Ra4 26. Qc3 Kg7 27. f4
Rxa5 28. Qe1 Ra2 29. Rh3 Ra3 30. fxe5 fxe5 31. Rh5 Rd6 32. Qc1 Rc6 33. Qb2 Rac3
34. Qe2 Rc1 35. Rhf5 Rxf1+ 36. Rxf1 Qg5 37. Qa2 Qe3+ 38. Kh1 Rf6 0-1

[Event "24. European Club Cup 2008"]
[Site "Kallithea GRE"]
[Date "2008.10.20"]
[Round "4.20"]
[White "Grigoryan, Avetik"]
[Black "Filipovic, Slobodan J"]
[Result "1-0"]
[WhiteElo "2513"]
[BlackElo "2230"]
[PlyCount "79"]
[EventDate "2008.10.17"]
[EventType "team-swiss"]
[EventRounds "7"]
[EventCountry "GRE"]
[Source "lmi"]
[SourceDate "2008.10.17"]
[WhiteTeam "FIMA"]
[BlackTeam "Bonnevoie"]

1. Nf3 Nf6 2. c4 g6 3. Nc3 Bg7 4. e4 d6 5. d4 O-O 6. h3 e5 7. d5 Nbd7 8. Be3
Nc5 9. Nd2 a5 10. g4 c6 11. Be2 Bd7 12. h4 b5 13. Bxc5 dxc5 14. g5 Ne8 15. cxb5
cxb5 16. Bxb5 Nd6 17. Bxd7 Qxd7 18. Qa4 Qg4 19. f3 Qc8 20. Nc4 Nxc4 21. Qxc4
Rb8 22. O-O-O Rb4 23. Qe2 Qb7 24. a3 Rd4 25. Qb5 Qe7 26. Ne2 h6 27. Nxd4 exd4
28. Kb1 Rc8 29. gxh6 Bxh6 30. h5 g5 31. Qa6 Rd8 32. Qxh6 Rd6 33. Qxg5+ Qxg5 34.
Rdg1 Qxg1+ 35. Rxg1+ Kh7 36. Rc1 Kh6 37. Rxc5 Kxh5 38. Kc2 Kg5 39. Kd3 Kf4 40.
Kxd4 1-0

[Event "24. European Club Cup 2008"]
[Site "Kallithea GRE"]
[Date "2008.10.20"]
[Round "4.20"]
[White "Ocantos, Manuel"]
[Black "Hayrapetian, Arman"]
[Result "0-1"]
[WhiteElo "2136"]
[BlackElo "2402"]
[PlyCount "96"]
[EventDate "2008.10.17"]
[EventType "team-swiss"]
[EventRounds "7"]
[EventCountry "GRE"]
[Source "lmi"]
[SourceDate "2008.10.17"]
[WhiteTeam "Bonnevoie"]
[BlackTeam "FIMA"]

1. e4 e5 2. Nf3 Nc6 3. Bb5 a6 4. Ba4 Nf6 5. O-O Be7 6. Re1 b5 7. Bb3 O-O 8. c3
d6 9. h3 Na5 10. Bc2 c5 11. d4 Qc7 12. d5 c4 13. Nbd2 Nb7 14. a4 Bd7 15. Nf1
Nc5 16. axb5 axb5 17. Rb1 Rfb8 18. Ng3 b4 19. cxb4 Na6 20. b5 Nb4 21. Nh2 Qa5
22. Bd2 Qxb5 23. f4 exf4 24. Bxf4 Ra2 25. e5 Nfxd5 26. exd6 Bf6 27. Be5 Qc5+
28. Kh1 Bxe5 29. Rxe5 Qxd6 30. Rh5 h6 31. Ne4 Qc6 32. Ng4 Bxg4 33. Qxg4 Nxc2
34. Rxd5 Ne3 35. Qf4 Qxd5 36. Qxb8+ Kh7 37. Qf4 Nxg2 38. Kxg2 f5 39. Re1 Rxb2+
40. Kg3 fxe4 41. Qxe4+ Qxe4 42. Rxe4 c3 43. Rc4 c2 44. Kf3 Kg6 45. Kg3 Kf5 46.
Kf3 Ke5 47. Rc8 Kd4 48. Rc7 Rb3+ 0-1

[Event "24. European Club Cup 2008"]
[Site "Kallithea GRE"]
[Date "2008.10.20"]
[Round "4.21"]
[White "D`costa, Lorin A"]
[Black "Varholakova, Niki"]
[Result "1-0"]
[WhiteElo "2411"]
[BlackElo "2191"]
[PlyCount "63"]
[EventDate "2008.10.17"]
[EventType "team-swiss"]
[EventRounds "7"]
[EventCountry "GRE"]
[Source "lmi"]
[SourceDate "2008.10.17"]
[WhiteTeam "Barbican"]
[BlackTeam "Kosice"]

1. d4 d5 2. c4 e6 3. Nf3 Nf6 4. g3 Bb4+ 5. Bd2 Bxd2+ 6. Nbxd2 O-O 7. Bg2 c6 8.
O-O Nbd7 9. Qc2 Re8 10. e4 e5 11. dxe5 Nxe5 12. exd5 cxd5 13. c5 Nc6 14. Rad1
Qc7 15. h3 a5 16. a3 a4 17. Rfe1 Bd7 18. Rxe8+ Bxe8 19. Nf1 Ra5 20. Ne3 Ne7 21.
Rc1 Nc6 22. Ng5 Nd4 23. Nxd5 Qe5 24. Nxf6+ gxf6 25. Qxh7+ Kf8 26. Nf3 Nxf3+ 27.
Bxf3 Rxc5 28. Qh6+ Kg8 29. Rxc5 Qxc5 30. Qxf6 Qc1+ 31. Kg2 Bb5 32. Bxb7 1-0

[Event "24. European Club Cup 2008"]
[Site "Kallithea GRE"]
[Date "2008.10.20"]
[Round "4.21"]
[White "Rajnak, Daniel"]
[Black "Cox, John J"]
[Result "1/2-1/2"]
[WhiteElo "2198"]
[BlackElo "2381"]
[PlyCount "68"]
[EventDate "2008.10.17"]
[EventType "team-swiss"]
[EventRounds "7"]
[EventCountry "GRE"]
[Source "lmi"]
[SourceDate "2008.10.17"]
[WhiteTeam "Kosice"]
[BlackTeam "Barbican"]

1. d4 Nf6 2. Nf3 e6 3. e3 c5 4. c4 a6 5. Nc3 d5 6. dxc5 Bxc5 7. cxd5 exd5 8. a3
O-O 9. Be2 Nc6 10. b4 Ba7 11. Bb2 Be6 12. O-O Qe7 13. b5 axb5 14. Nxb5 Bc5 15.
a4 Ne4 16. Nfd4 Rad8 17. Rc1 Bc8 18. Nxc6 bxc6 19. Nd4 Bd7 20. Qc2 Bd6 21. Nxc6
Bxc6 22. Qxc6 Bxh2+ 23. Kxh2 Rd6 24. Qc8 Rxc8 25. Rxc8+ Rd8 26. Rxd8+ Qxd8 27.
Bd4 Qc7+ 28. Kg1 Qc2 29. Bb5 Nd2 30. Re1 Nb3 31. Bb6 h6 32. Rf1 Nd2 33. a5 Nxf1
34. Bxf1 Qc6 1/2-1/2

[Event "24. European Club Cup 2008"]
[Site "Kallithea GRE"]
[Date "2008.10.20"]
[Round "4.22"]
[White "Kovacs, Gabor"]
[Black "Lehtivaara, Petri"]
[Result "1-0"]
[WhiteElo "2490"]
[BlackElo "2394"]
[PlyCount "197"]
[EventDate "2008.10.17"]
[EventType "team-swiss"]
[EventRounds "7"]
[EventCountry "GRE"]
[Source "lmi"]
[SourceDate "2008.10.17"]
[WhiteTeam "Szombathely"]
[BlackTeam "Matinkylaen"]

1. Nf3 Nf6 2. c4 e6 3. Nc3 Bb4 4. Qc2 O-O 5. a3 Bxc3 6. Qxc3 b6 7. g3 Bb7 8.
Bg2 d6 9. O-O Nbd7 10. b3 Qe7 11. Bb2 Rfd8 12. Rfd1 c5 13. Rac1 Rac8 14. Re1
Qf8 15. Ba1 a6 16. Qb2 Ba8 17. Red1 b5 18. d3 Rb8 19. Qd2 Rb6 20. Bc3 Rc8 21.
Ba5 Rbb8 22. Rb1 d5 23. Qf4 Nb6 24. Rdc1 Nfd7 25. cxd5 Nxd5 26. Qd2 Qd6 27. e4
Ne7 28. Bc3 Nc6 29. b4 cxb4 30. axb4 e5 31. Qb2 Rd8 32. Rd1 Qe7 33. d4 exd4 34.
Nxd4 Nxd4 35. Bxd4 Nf6 36. f3 Ne8 37. Bh3 Bb7 38. Rbc1 Bc8 39. Bc5 Rxd1+ 40.
Rxd1 Qc7 41. Bg2 a5 42. Qd4 axb4 43. Bxb4 Be6 44. Bf1 h6 45. Qe3 Qc6 46. Rc1
Bc4 47. Qd4 Rc8 48. Bh3 Ra8 49. Bc3 Qd6 50. Qxd6 Nxd6 51. Bb4 Ne8 52. Rc2 Nc7
53. Kf2 Ne6 54. Rb2 Ra1 55. Bg2 Nd4 56. f4 Ra2 57. Rxa2 Bxa2 58. Bc5 Ne6 59.
Bd6 Bc4 60. Ke3 f6 61. Bf3 g6 62. Bd1 Kg7 63. Bc2 g5 64. Bd1 Nd8 65. Kd4 Ne6+
66. Kc3 Nd8 67. Bh5 Nf7 68. Be7 Nh8 69. Kd4 Ng6 70. Bd6 gxf4 71. gxf4 Nh4 72.
f5 Ng2 73. Bg3 Bf1 74. Bd1 Kf7 75. Bb3+ Ke7 76. Bd5 h5 77. h4 Bc4 78. Bc6 Bf1
79. e5 fxe5+ 80. Ke4 Nf4 81. Kxe5 Nd3+ 82. Kd4 Nb4 83. Be4 Be2 84. Be1 Na6 85.
Ke5 Bc4 86. Bf3 Bf7 87. Bb7 Nb8 88. Bb4+ Kd7 89. Kf6 Bc4 90. Kg7 Kc7 91. Bf3
Na6 92. Ba5+ Kd7 93. Bxh5 b4 94. f6 b3 95. Bc3 Nc5 96. f7 Ne6+ 97. Kf6 Nf8 98.
Bg6 Nxg6 99. Kxg6 1-0

[Event "24. European Club Cup 2008"]
[Site "Kallithea GRE"]
[Date "2008.10.20"]
[Round "4.22"]
[White "Nieminen, Kari"]
[Black "Ruck, Tamas"]
[Result "1/2-1/2"]
[WhiteElo "2210"]
[BlackElo "2328"]
[PlyCount "91"]
[EventDate "2008.10.17"]
[EventType "team-swiss"]
[EventRounds "7"]
[EventCountry "GRE"]
[Source "lmi"]
[SourceDate "2008.10.17"]
[WhiteTeam "Matinkylaen"]
[BlackTeam "Szombathely"]

1. e4 e5 2. Nf3 Nc6 3. Bb5 a6 4. Ba4 Nf6 5. O-O Be7 6. Re1 b5 7. Bb3 d6 8. c3
O-O 9. d3 Na5 10. Bc2 c5 11. Nbd2 Re8 12. Nf1 Bb7 13. Ng3 g6 14. d4 Nc6 15. d5
Nb8 16. a4 Nbd7 17. b3 Nb6 18. a5 Nbd7 19. h3 Bf8 20. Bg5 h6 21. Be3 Nh7 22.
Qd2 h5 23. Rf1 Bc8 24. b4 c4 25. Rae1 Bg7 26. Nh2 Qe7 27. f4 exf4 28. Bxf4 Ne5
29. Nf3 Bd7 30. Ne2 Rf8 31. Ned4 Rae8 32. Bh6 Nxf3+ 33. Nxf3 Bc8 34. Kh1 Qd8
35. Bxg7 Kxg7 36. Qd4+ f6 37. Qd2 Bd7 38. Qf4 Qe7 39. Qg3 g5 40. Rf2 Kh8 41.
Ref1 h4 42. Qh2 f5 43. exf5 Bxf5 44. Bxf5 Rxf5 45. Qg1 Ref8 46. Nd4 1/2-1/2

[Event "24. European Club Cup 2008"]
[Site "Kallithea GRE"]
[Date "2008.10.20"]
[Round "4.22"]
[White "Pergel, Laszlo"]
[Black "Raisanen, Kim"]
[Result "1/2-1/2"]
[WhiteElo "2293"]
[BlackElo "2174"]
[PlyCount "66"]
[EventDate "2008.10.17"]
[EventType "team-swiss"]
[EventRounds "7"]
[EventCountry "GRE"]
[Source "lmi"]
[SourceDate "2008.10.17"]
[WhiteTeam "Szombathely"]
[BlackTeam "Matinkylaen"]

1. e4 c5 2. Nf3 d6 3. Bc4 e6 4. Bb3 Qc7 5. d3 b6 6. O-O Nf6 7. Re1 Nbd7 8. Nbd2
Be7 9. Nf1 O-O 10. Ng3 Re8 11. c3 Bb7 12. h3 Ne5 13. Bc2 Nxf3+ 14. Qxf3 d5 15.
Qe2 dxe4 16. dxe4 e5 17. Nf5 Bc8 18. Nxe7+ Qxe7 19. Bg5 Be6 20. f4 h6 21. Bh4
Bd7 22. Qf2 Rad8 23. fxe5 Qxe5 24. Bg3 Qe6 25. e5 Nh7 26. Bh4 Ng5 27. Qg3 Qe7
28. Bb3 c4 29. Bc2 Bc6 30. Bxg5 Qxg5 31. Qxg5 hxg5 32. Re2 Re7 33. Rae1 Rde8
1/2-1/2

[Event "24. European Club Cup 2008"]
[Site "Kallithea GRE"]
[Date "2008.10.20"]
[Round "4.23"]
[White "Patuzzo, Fabrizio"]
[Black "Kleijn, Christov"]
[Result "1-0"]
[WhiteElo "2280"]
[BlackElo "2283"]
[PlyCount "61"]
[EventDate "2008.10.17"]
[EventType "team-swiss"]
[EventRounds "7"]
[EventCountry "GRE"]
[Source "lmi"]
[SourceDate "2008.10.17"]
[WhiteTeam "Mendrisio"]
[BlackTeam "LSG"]

1. Nf3 d6 2. d4 Nf6 3. Bf4 g6 4. e3 Bg7 5. Be2 O-O 6. h3 Nfd7 7. O-O e5 8. Bh2
Nc6 9. c4 f5 10. Nc3 g5 11. dxe5 Ndxe5 12. Nd4 Nxd4 13. exd4 Nc6 14. d5 Nd4 15.
f4 g4 16. Bd3 Qh4 17. Qe1 Qh5 18. Qg3 Bd7 19. Kh1 Rae8 20. Bg1 c5 21. Bf2 Rf6
22. h4 Rh6 23. Qh2 Bf6 24. Rae1 Kf8 25. Rxe8+ Bxe8 26. Ne2 g3 27. Nxg3 Qg4 28.
Bxd4 Qxh4 29. Bg1 Bg6 30. Nxf5 Bxf5 31. Bxf5 1-0

[Event "24. European Club Cup 2008"]
[Site "Kallithea GRE"]
[Date "2008.10.20"]
[Round "4.24"]
[White "Jones, Richard S"]
[Black "Gharamian, Tigran"]
[Result "0-1"]
[WhiteElo "2307"]
[BlackElo "2555"]
[PlyCount "134"]
[EventDate "2008.10.17"]
[EventType "team-swiss"]
[EventRounds "7"]
[EventCountry "GRE"]
[Source "lmi"]
[SourceDate "2008.10.17"]
[WhiteTeam "Nidum"]
[BlackTeam "Charleroi"]

1. e4 e6 2. d4 d5 3. Nc3 Nf6 4. e5 Nfd7 5. f4 c5 6. Nf3 Nc6 7. Be3 Be7 8. Qd2
O-O 9. dxc5 Bxc5 10. O-O-O Qa5 11. Kb1 Bb4 12. Bd3 Bxc3 13. Qxc3 Qxc3 14. bxc3
Nb6 15. Bb5 Bd7 16. c4 Nb8 17. Bxb6 Bxb5 18. cxb5 axb6 19. c4 Ra5 20. cxd5
Rxb5+ 21. Ka1 exd5 22. Rb1 Ra5 23. Rxb6 Nd7 24. Rb2 Nc5 25. Rd1 Raa8 26. g3 g6
27. Nd4 Ne4 28. Ne2 h5 29. Rd3 Nc5 30. Rd1 Ne4 31. Rd3 Nc5 32. Rd1 Rfd8 33. Nd4
Ra4 34. Nb5 d4 35. Nd6 Rda8 36. Rdd2 Ra3 37. Kb1 d3 38. Nc4 R3a6 39. Nd6 Ra3
40. Nc4 R3a6 41. Nd6 Rc6 42. Rb4 f5 43. Rb5 Na4 44. Rxd3 Nc3+ 45. Rxc3 Rxc3 46.
Rxb7 Rca3 47. e6 R3a7 48. Rb6 Kf8 49. Nf7 Ra6 50. Rxa6 Rxa6 51. Ng5 Ra3 52. Kb2
Rd3 53. a4 h4 54. gxh4 Rd4 55. Kb3 Ke7 56. a5 Kf6 57. Ka3 Rxf4 58. a6 Rc4 59.
a7 Rc8 60. Kb4 Ra8 61. Kc5 Rxa7 62. Kd6 Ra6+ 63. Kd7 Ra7+ 64. Kd6 Rb7 65. Kc6
Rb4 66. Kd7 Rd4+ 67. Ke8 Rxh4 0-1

[Event "24. European Club Cup 2008"]
[Site "Kallithea GRE"]
[Date "2008.10.20"]
[Round "4.24"]
[White "Young, A."]
[Black "Laurent, Bruno"]
[Result "1-0"]
[WhiteElo "2002"]
[BlackElo "2370"]
[PlyCount "51"]
[EventDate "2008.10.17"]
[EventType "team-swiss"]
[EventRounds "7"]
[EventCountry "GRE"]
[Source "lmi"]
[SourceDate "2008.10.17"]
[WhiteTeam "Nidum"]
[BlackTeam "Charleroi"]

1. e4 e6 2. d4 d5 3. Nc3 Nf6 4. Bg5 Bb4 5. e5 h6 6. Be3 Ne4 7. Qg4 g5 8. a3 h5
9. Qf3 Bxc3+ 10. bxc3 c5 11. Bd3 Nxc3 12. dxc5 Nc6 13. Qg3 Rg8 14. Nf3 g4 15.
h3 Ne4 16. Bxe4 dxe4 17. Nd2 Qa5 18. O-O Qa4 19. c4 Qc2 20. Rfc1 Qd3 21. Rab1
Nd4 22. Bxd4 Qxd2 23. Be3 Qd3 24. Rd1 Qc2 25. c6 bxc6 26. Qh4 1-0

[Event "24. European Club Cup 2008"]
[Site "Kallithea GRE"]
[Date "2008.10.20"]
[Round "4.26"]
[White "Karkanaqe, Ilir"]
[Black "Pileckis, Emilis"]
[Result "1/2-1/2"]
[WhiteElo "2383"]
[BlackElo "2472"]
[PlyCount "57"]
[EventDate "2008.10.17"]
[EventType "team-swiss"]
[EventRounds "7"]
[EventCountry "GRE"]
[Source "lmi"]
[SourceDate "2008.10.17"]
[WhiteTeam "Butrinti"]
[BlackTeam "Panevezys"]

1. Nf3 Nf6 2. c4 c5 3. d4 cxd4 4. Nxd4 b6 5. f3 Bb7 6. e4 d6 7. Nc3 e6 8. Be2
Be7 9. O-O O-O 10. Be3 a6 11. Qd2 Nbd7 12. Rfd1 Qc7 13. Rac1 Rac8 14. Bf1 Qb8
15. Kh1 Bd8 16. Nc2 Bc7 17. Bg1 Kh8 18. Ne3 Rg8 19. Ng4 Nxg4 20. fxg4 Nf6 21.
Qe2 Qa8 22. Re1 Bd8 23. Rcd1 Qb8 24. g5 Nd7 25. Qh5 g6 26. Qh6 Ne5 27. Bd4 f6
28. Bxe5 fxe5 29. Be2 1/2-1/2

[Event "24. European Club Cup 2008"]
[Site "Kallithea GRE"]
[Date "2008.10.20"]
[Round "4.26"]
[White "Beinoras, Mindaugas"]
[Black "Cela, Shkelqim"]
[Result "1/2-1/2"]
[WhiteElo "2434"]
[BlackElo "2302"]
[PlyCount "50"]
[EventDate "2008.10.17"]
[EventType "team-swiss"]
[EventRounds "7"]
[EventCountry "GRE"]
[Source "lmi"]
[SourceDate "2008.10.17"]
[WhiteTeam "Panevezys"]
[BlackTeam "Butrinti"]

1. d4 Nf6 2. c4 e6 3. Nf3 b6 4. g3 Ba6 5. Qa4 c5 6. Bg2 Bb7 7. O-O cxd4 8. Nxd4
Bxg2 9. Kxg2 Qc7 10. Nc3 Be7 11. f3 a6 12. Rd1 Qb7 13. e4 O-O 14. Bf4 d6 15.
Nde2 Rd8 16. Rd2 Nc6 17. Rad1 Ne5 18. Bxe5 dxe5 19. Nc1 Rxd2+ 20. Rxd2 Rc8 21.
Nd3 Nd7 22. Nf2 Nf6 23. Nd3 Nd7 24. Nf2 Nf6 25. Nd3 Nd7 1/2-1/2

[Event "24. European Club Cup 2008"]
[Site "Kallithea GRE"]
[Date "2008.10.20"]
[Round "4.27"]
[White "Dancevski, Orce"]
[Black "Hermansson, Emil"]
[Result "1-0"]
[WhiteElo "2421"]
[BlackElo "2423"]
[PlyCount "71"]
[EventDate "2008.10.17"]
[EventType "team-swiss"]
[EventRounds "7"]
[EventCountry "GRE"]
[Source "lmi"]
[SourceDate "2008.10.17"]
[WhiteTeam "Skopje"]
[BlackTeam "Rockaden"]

1. c4 Nf6 2. Nc3 d5 3. cxd5 Nxd5 4. g3 c5 5. Bg2 Nc7 6. Nf3 Nc6 7. O-O e5 8. d3
Be7 9. Be3 O-O 10. Rc1 Be6 11. a3 Qd7 12. Ne4 b6 13. b4 cxb4 14. axb4 Bxb4 15.
Qc2 Bd5 16. Nxe5 Nxe5 17. Qxc7 Qxc7 18. Rxc7 Rfd8 19. Ra1 Ba5 20. Bf4 Ng6 21.
Bg5 Rf8 22. Be3 Rfd8 23. Rac1 h6 24. g4 Nf8 25. f4 Ne6 26. R7c2 f6 27. h4 Rab8
28. f5 Bxe4 29. Bxe4 Nc5 30. Bf3 Nb3 31. Rb1 Nd4 32. Bxd4 Rxd4 33. Kg2 h5 34.
gxh5 Rxh4 35. e4 Rd8 36. Be2 1-0

[Event "24. European Club Cup 2008"]
[Site "Kallithea GRE"]
[Date "2008.10.20"]
[Round "4.27"]
[White "Bator, Robert"]
[Black "Mitkov, Marjan"]
[Result "0-1"]
[WhiteElo "2410"]
[BlackElo "2372"]
[PlyCount "46"]
[EventDate "2008.10.17"]
[EventType "team-swiss"]
[EventRounds "7"]
[EventCountry "GRE"]
[Source "lmi"]
[SourceDate "2008.10.17"]
[WhiteTeam "Rockaden"]
[BlackTeam "Skopje"]

1. d4 d5 2. Nf3 Nf6 3. c4 c6 4. e3 Bg4 5. h3 Bh5 6. Nc3 e6 7. g4 Bg6 8. Ne5
Nbd7 9. h4 dxc4 10. Nxg6 hxg6 11. Bxc4 Bb4 12. a3 Bxc3+ 13. bxc3 Nd5 14. h5
gxh5 15. gxh5 Nxc3 16. Qg4 Nf6 17. Qxg7 Rg8 18. Qh6 Nce4 19. Be2 Qa5+ 20. Kf1
Qc3 21. Rb1 Qc2 22. Rg1 Nc3 23. Bf3 Nfe4 0-1

[Event "24. European Club Cup 2008"]
[Site "Kallithea GRE"]
[Date "2008.10.20"]
[Round "4.27"]
[White "Stojcevski, Zoran"]
[Black "Blomqvist, Erik"]
[Result "1/2-1/2"]
[WhiteElo "2392"]
[BlackElo "2418"]
[PlyCount "84"]
[EventDate "2008.10.17"]
[EventType "team-swiss"]
[EventRounds "7"]
[EventCountry "GRE"]
[Source "lmi"]
[SourceDate "2008.10.17"]
[WhiteTeam "Skopje"]
[BlackTeam "Rockaden"]

1. e4 c5 2. Nf3 d6 3. d4 cxd4 4. Nxd4 Nf6 5. Nc3 a6 6. Be3 e5 7. Nb3 Be6 8. Be2
Be7 9. O-O O-O 10. f4 exf4 11. Rxf4 Nc6 12. Nd4 Nxd4 13. Bxd4 Nd7 14. Bg4 Bg5
15. Rf1 Qe7 16. Bxe6 fxe6 17. Qg4 Bf6 18. Bxf6 Rxf6 19. Rxf6 Nxf6 20. Qh3 Re8
21. Rd1 d5 22. exd5 Qc5+ 23. Kh1 exd5 24. Qf5 Qc4 25. h3 d4 26. Qf4 Rd8 27. Ne4
Nd5 28. Qh4 Rf8 29. Ng5 Rf1+ 30. Rxf1 Qxf1+ 31. Kh2 Qf4+ 32. Qxf4 Nxf4 33. Nf3
d3 34. c3 Ne2 35. g3 g5 36. Kg2 Kg7 37. Kf2 Kf6 38. Nd2 Kf5 39. Kf3 Ng1+ 40.
Kg2 Ne2 41. Kf3 Ng1+ 42. Kg2 Ne2 1/2-1/2

[Event "24. European Club Cup 2008"]
[Site "Kallithea GRE"]
[Date "2008.10.20"]
[Round "4.27"]
[White "Olsson, Anders"]
[Black "Ilic, Ljubomir"]
[Result "1-0"]
[WhiteElo "2404"]
[BlackElo "2297"]
[PlyCount "35"]
[EventDate "2008.10.17"]
[EventType "team-swiss"]
[EventRounds "7"]
[EventCountry "GRE"]
[Source "lmi"]
[SourceDate "2008.10.17"]
[WhiteTeam "Rockaden"]
[BlackTeam "Skopje"]

1. e4 d5 2. exd5 Qxd5 3. Nc3 Qa5 4. d4 Nf6 5. Bc4 Bg4 6. f3 Bf5 7. Bd2 Qb6 8.
Nge2 c6 9. g4 Bg6 10. a4 h6 11. Nf4 Qxd4 12. Nxg6 fxg6 13. Qe2 Nbd7 14. O-O-O
Qe5 15. Be3 b5 16. f4 Qc7 17. Be6 O-O-O 18. Rd3 1-0

[Event "24. European Club Cup 2008"]
[Site "Kallithea GRE"]
[Date "2008.10.20"]
[Round "4.27"]
[White "Simjanovski, Saso"]
[Black "Hedman, Erik"]
[Result "0-1"]
[WhiteElo "2223"]
[BlackElo "2353"]
[PlyCount "104"]
[EventDate "2008.10.17"]
[EventType "team-swiss"]
[EventRounds "7"]
[EventCountry "GRE"]
[Source "lmi"]
[SourceDate "2008.10.17"]
[WhiteTeam "Skopje"]
[BlackTeam "Rockaden"]

1. Nf3 c5 2. e4 d6 3. d4 cxd4 4. Nxd4 Nf6 5. Nc3 a6 6. h3 e5 7. Nde2 Be6 8. g3
b5 9. Bg2 Nbd7 10. a4 b4 11. Nd5 Bxd5 12. exd5 Qa5 13. O-O Be7 14. c3 bxc3 15.
Nxc3 Rb8 16. Ne4 Nxe4 17. Bxe4 Qb4 18. Bf5 g6 19. Bxd7+ Kxd7 20. Qd3 Rb6 21.
Bd2 Qb3 22. Bc3 Rc8 23. Ra3 Qc4 24. Qxc4 Rxc4 25. b4 Rb8 26. Rb1 Bd8 27. Rbb3
Bb6 28. Bd2 Rc2 29. Be1 Bd4 30. b5 axb5 31. axb5 Rc5 32. Ra7+ Ke8 33. Rf3 Rc3
34. Rxc3 Bxa7 35. Rb3 Bb6 36. Bb4 Kd7 37. Kf1 Bd4 38. Ba3 Bc5 39. Bc1 Kc7 40.
g4 f5 41. Ke2 Kb6 42. f3 Ra8 43. h4 Ra4 44. gxf5 gxf5 45. h5 Rh4 46. Bg5 Rxh5
47. Bd8+ Kb7 48. b6 Rh2+ 49. Kd3 e4+ 50. fxe4 Rh3+ 51. Kc4 Rxb3 52. Kxb3 fxe4
0-1

[Event "24. European Club Cup 2008"]
[Site "Kallithea GRE"]
[Date "2008.10.20"]
[Round "4.28"]
[White "Berkvens, Joost"]
[Black "Bakalarz, Mietek"]
[Result "1/2-1/2"]
[WhiteElo "2431"]
[BlackElo "2330"]
[PlyCount "101"]
[EventDate "2008.10.17"]
[EventType "team-swiss"]
[EventRounds "7"]
[EventCountry "GRE"]
[Source "lmi"]
[SourceDate "2008.10.17"]
[WhiteTeam "Utrecht"]
[BlackTeam "Differdange"]

1. e4 e5 2. Nf3 Nf6 3. Nc3 Nc6 4. g3 d5 5. exd5 Nxd5 6. Bg2 Nxc3 7. bxc3 Bd6 8.
O-O O-O 9. Re1 Bg4 10. Rb1 f5 11. d3 Rb8 12. h3 Bh5 13. g4 fxg4 14. Ng5 Bc5 15.
d4 exd4 16. Qd3 Bg6 17. Qc4+ Kh8 18. Qxc5 Qf6 19. Kh1 h6 20. Re6 Qxf2 21. Ba3
gxh3 22. Nxh3 Qxc2 23. Rc1 Qf5 24. Qxf5 Bxf5 25. Rxc6 bxc6 26. Bxf8 Rxf8 27.
cxd4 Rd8 28. Rc4 Bd3 29. Ra4 Bb5 30. Rxa7 Rxd4 31. Nf2 g5 32. Ne4 Rc4 33. Kh2
Kg7 34. Rxc7+ Kg6 35. Nd6 Ra4 36. Nxb5 cxb5 37. Bd5 Rd4 38. Bb3 h5 39. Rc5 Rd2+
40. Kg1 h4 41. Rxb5 h3 42. Rd5 Rg2+ 43. Kh1 g4 44. Rc5 Rb2 45. Rc2 Rb1+ 46. Kh2
Kg5 47. Be6 Kh4 48. Rc4 Rb2+ 49. Kg1 Rb1+ 50. Kh2 Rb2+ 51. Kg1 1/2-1/2